000 00224nam a2200085Ia 4500
008 120527s9999 xx 000 0 und d
100 _aSteffensend & Johnson
245 _aEssential mathematics for college students
942 _cBK
999 _c27805
_d27805